Tharrats / (Record no. 172346)

MARC details
000 -LEADER
campo de control de longitud fija 00685nam a22002175i 4500
001 - NÚMERO DE CONTROL
campo de control 172346
003 - IDENTIFICADOR DE NÚMERO DE CONTROL
campo de control ES-MaACL
005 - FECHA Y HORA DE LA ÚLTIMA TRANSACCIÓN
campo de control 20240531062945.0
008 - DATOS DE LONGITUD FIJA--INFORMACIÓN GENERAL
campo de control de longitud fija 090625s1961 sp |||| | spa d
080 ## - NÚMERO DE LA CLASIFICACIÓN DECIMAL UNIVERSAL
Número de la Clasificación Decimal Universal 75 Tharrats, Joan Josep
100 1# - ENTRADA PRINCIPAL--NOMBRE DE PERSONA
Nombre de persona Romero Pérez, Luis,
Fechas asociadas al nombre 1916-2009
9 (RLIN) 99338
245 10 - MENCIÓN DEL TÍTULO
Título Tharrats /
Mención de responsabilidad, etc. Luis Romero.
250 ## - MENCION DE EDICION
Mención de edición 1ª ed.
260 ## - PUBLICACIÓN, DISTRIBUCIÓN, ETC.
Lugar de publicación, distribución, etc. Santander :
Nombre del editor, distribuidor, etc. La Isla de los Ratones,
Fecha de publicación, distribución, etc. 1961.
300 ## - DESCRIPCIÓN FÍSICA
Extensión 69 p. :
Otras características físicas il. ;
Dimensiones 17 cm.
490 1# - MENCIÓN DE SERIE
Mención de serie Colección de arte bisonte ;
Designación de volumen o secuencia 1
600 14 - PUNTO DE ACCESO ADICIONAL DE MATERIA--NOMBRE DE PERSONA
Nombre de persona Tharrats, Joan-Josep.
9 (RLIN) 109870
830 0# - PUNTO DE ACCESO ADICIONAL DE SERIE-TÍTULO UNIFORME
Título uniforme Colección de arte bisonte ;
Designación de volumen o secuencia 1
9 (RLIN) 189074
852 ## - LOCALIZACIÓN
Ubicación ES-MaACL
Número de control de estantería 2252-F-10
itemnumber R.144587
Holdings
Estatus retirado Estado de pérdida Estado de daño No para préstamo Colección Biblioteca de origen Biblioteca actual Ubicación en estantería Fecha de adquisición Fuente de adquisición Total de préstamos Signatura topográfica completa Código de barras Visto por última vez Precio de reemplazo Tipo de ítem Koha
        Colección de folletos Biblioteca del Ateneo de Madrid Biblioteca del Ateneo de Madrid Depósito folletos 25/06/2009     2252-F-10 1180861 23/02/2023 23/02/2023 Folleto